UK owner occupation charts (Record no. 118361)
[ view plain ]
| 000 -LEADER | |
|---|---|
| fixed length control field | 01152cam a2200205 4500 |
| 001 - CONTROL NUMBER | |
| control field | WB@3612-519 |
| 008 - FIXED-LENGTH DATA ELEMENTS--GENERAL INFORMATION | |
| fixed length control field | 041123n2004 000 0 eng u |
| 035 ## - SYSTEM CONTROL NUMBER | |
| System control number | (Sirsi) u128096 |
| 245 ## - TITLE STATEMENT | |
| Title | UK owner occupation charts |
| 260 ## - PUBLICATION, DISTRIBUTION, ETC. | |
| Date of publication, distribution, etc. | 2004 |
| 490 ## - SERIES STATEMENT | |
| Series statement | Halifax Press Release |
| Volume/sequential designation | 19 November 2004 (6) |
| 520 ## - SUMMARY, ETC. | |
| Summary, etc. | New research from Halifax shows that the highest level of owner occupation in the UK is to be found in the local authority of Castle Point in Essex, where 89% of all households are homeowners - well above the UK average of 70%. The lowest rates of owner occupation are to be found in central London - in the borough of Tower Hamlets only 29% of householders are owner occupiers. High owner occupation rates are usually a sign of prosperity and this is generally reflected in lower unemployment rates, higher earnings and higher house prices in these areas. The full report can be viewed on the website. http://www.hbosplc.com/economy/ResearchReleases.as p |
| 590 ## - LOCAL NOTE (RLIN) | |
| Local note | WB |
| 590 ## - LOCAL NOTE (RLIN) | |
| Local note | WB |
| 650 ## - SUBJECT ADDED ENTRY--TOPICAL TERM | |
| Topical term or geographic name entry element | OWNER-OCCUPATION |
| 650 ## - SUBJECT ADDED ENTRY--TOPICAL TERM | |
| Topical term or geographic name entry element | HOME OWNERSHIP |
| 650 ## - SUBJECT ADDED ENTRY--TOPICAL TERM | |
| Topical term or geographic name entry element | HOUSING-MARKET |
| 690 ## - LOCAL SUBJECT ADDED ENTRY--TOPICAL TERM (OCLC, RLIN) | |
| Topical term or geographic name as entry element | HOUSING-OWNER OCCUPIED |
| 942 ## - ADDED ENTRY ELEMENTS (KOHA) | |
| Suppress in OPAC | 0 |
| Withdrawn status | Lost status | Source of classification or shelving scheme | Damaged status | Not for loan | Home library | Current library | Shelving location | Date acquired | Total Checkouts | Full call number | Barcode | Date last seen | Copy number | Price effective from | Koha item type |
|---|---|---|---|---|---|---|---|---|---|---|---|---|---|---|---|
| Dewey Decimal Classification | London | London | News article | 23/11/2004 | WB4045-12 | 128096-1001 | 06/08/2019 | 1 | 06/08/2019 | News article |